Statistics for Известные фильмы

Click here to take the quiz!

General Stats

  • This quiz has been taken 206 times
  • The average score is 22 of 35

Answer Stats

Answer% Correct
Аватар
95%
Гарри Поттер
95%
Джокер
93%
Человек-паук
92%
Бойцовский клуб
90%
Титаник
90%
Хатико
85%
Властелин колец
82%
Зелёная миля
82%
1+1
81%
Оппенгеймер
74%
Такси
73%
Форсаж
73%
Крёстный отец
70%
Волк с Уолл-стрит
70%
Интерстеллар
68%
Форрест Гамп
65%
Индиана Джонс
63%
Джеймс Бонд
61%
Леон
59%
Побег из Шоушенка
57%
Остров проклятых
55%
Гладиатор
54%
Молчание ягнят
54%
Криминальное чтиво
51%
Паразиты
50%
Бесславные ублюдки
50%
Рокки
44%
Перевозчик
38%
Унесённые ветром
36%
Терминал
36%
Лицо со шрамом
35%
Список Шиндлера
31%
Человек дождя
29%
Римские каникулы
16%

Score Distribution

Percentile by Number Answered

Percent of People with Each Score

Your Score History

You have not taken this quiz